| 000 | 00463nam a2200157Ia 4500 | ||
|---|---|---|---|
| 008 | 230917s9999||||xx |||||||||||||| ||und|| | ||
| 020 | _cRS2 | ||
| 040 |
_e165714 _aMAIN |
||
| 041 | _aEnglish | ||
| 082 | _a891.437731 PC212M | ||
| 100 | _aपाराशर, चिंरजीलाल | ||
| 245 | 0 | _aमहिला-शासन | |
| 260 |
_aगाजियाबाद _bराकेश पब्लिकेशन _c1955 |
||
| 300 | _a158 p. | ||
| 942 | _cHN | ||
| 999 |
_c209838 _d209838 |
||